Normal view
MARC view
- ZEIGLER,P.BERNARD
Entry Personal Name
001 - CONTROL NUMBER
- control field: 91236
003 - CONTROL NUMBER IDENTIFIER
- control field: NUST
005 - DATE AND TIME OF LATEST TRANSACTION
- control field: 20220427100806.0
008 - FIXED-LENGTH DATA ELEMENTS
- fixed length control field: 220427|| aca||aabn | a|a d
040 ## - CATALOGING SOURCE
- Original cataloging agency: NUST
- Transcribing agency: NUST
100 ## - HEADING--PERSONAL NAME
- Personal name: ZEIGLER,P.BERNARD
670 ## - SOURCE DATA FOUND
- Source citation: Work cat.: (NUST): ZEIGLER,P.BERNARD., THEORY OF MODELING AND SIMULATION /, 2019.
